00338 a2200145 450000100060000002000150000604000240002110000230004524000360006824500310010430000070013536200090014244000100015165000310016146660 a8570566441 cAnchieta - Aquarius aJunqueira, Sônia10aA maravilhosa roupa do reilpor10aA maravilhosa roupa do rei a240 a1994 1aAtual 4aLiteratura infanto-juvenil